“Willful Blindness” y “Compliance”: Aplicación en Colombia
El willful blindness es una doctrina que busca castigar a quien se sitúa en estado voluntario de ceguera sobre unos hechos delictivos. Aunque no ha sido reconocida por la legislación colombiana, hay posturas judiciales y doctrinales que han estudiado esta materia. Este artículo realiza una breve con...
| Authors: | ; |
|---|---|
| Format: | Electronic Article |
| Language: | Spanish |
| Published: |
2025
|
| In: |
Derecho penal y criminología
Year: 2025, Volume: 46, Issue: 120, Pages: 213-238 |
| Online Access: |
Volltext (kostenfrei) Volltext (kostenfrei) |
| Check availability: | HBZ Gateway |
| Keywords: |
MARC
| LEADER | 00000caa a22000002c 4500 | ||
|---|---|---|---|
| 001 | 1910771201 | ||
| 003 | DE-627 | ||
| 005 | 20250520161251.0 | ||
| 007 | cr uuu---uuuuu | ||
| 008 | 241204s2025 xx |||||o 00| ||spa c | ||
| 024 | 7 | |a 10.18601/01210483.v46n120.08 |2 doi | |
| 035 | |a (DE-627)1910771201 | ||
| 035 | |a (DE-599)KXP1910771201 | ||
| 040 | |a DE-627 |b ger |c DE-627 |e rda | ||
| 041 | |a spa | ||
| 084 | |a 2,1 |2 ssgn | ||
| 100 | 1 | |a Vera López, Omar Alejandro |e VerfasserIn |4 aut | |
| 245 | 1 | 0 | |a “Willful Blindness” y “Compliance”: Aplicación en Colombia |
| 264 | 1 | |c 2025 | |
| 336 | |a Text |b txt |2 rdacontent | ||
| 337 | |a Computermedien |b c |2 rdamedia | ||
| 338 | |a Online-Ressource |b cr |2 rdacarrier | ||
| 520 | |a El willful blindness es una doctrina que busca castigar a quien se sitúa en estado voluntario de ceguera sobre unos hechos delictivos. Aunque no ha sido reconocida por la legislación colombiana, hay posturas judiciales y doctrinales que han estudiado esta materia. Este artículo realiza una breve contextualización del willful blindness en el derecho estadounidense, el derecho español y su posible aplicación el derecho colombiano. También se estudia su posible incidencia en los programas de cumplimiento normativo y en la investigación y judicialización de la delincuencia de “cuello blanco”. | ||
| 520 | |a “Willful blindness” is a doctrine that seeks to punish a person who decides to put herself in a state of voluntary blindness regarding some crimes. Although Colombian legislation has not recognized this figure, some judicial and doctrinal postures have studied this topic. This article provides a brief context of “willful blindness” in the American and Spanish law and its possible application in Colombian law. It also studies the influence of “willful blindness” in compliance programs and the investigation and adjudication of white-collar criminality. | ||
| 650 | 4 | |a programas de cumplimiento normativo | |
| 650 | 4 | |a buen gobierno corporativo | |
| 650 | 4 | |a criminalidad de “cuello blanco” | |
| 650 | 4 | |a dolo evento | |
| 650 | 4 | |a Conocimiento | |
| 650 | 4 | |a tipicidad subjetiva | |
| 650 | 4 | |a willful blindness | |
| 700 | 1 | |a Pardo Monsalve, Santiago |e VerfasserIn |4 aut | |
| 773 | 0 | 8 | |i Enthalten in |t Derecho penal y criminología |d Bogotá : [Verlag nicht ermittelbar], 1977 |g 46(2025), 120, Seite 213-238 |h Online-Ressource |w (DE-627)644735910 |w (DE-600)2589902-8 |w (DE-576)336651171 |x 2346-2108 |7 nnas |
| 773 | 1 | 8 | |g volume:46 |g year:2025 |g number:120 |g pages:213-238 |
| 856 | |u https://revistas.uexternado.edu.co/index.php/derpen/article/download/10001/17116 |x unpaywall |z Vermutlich kostenfreier Zugang |h publisher [deprecated] | ||
| 856 | 4 | 0 | |u https://doi.org/10.18601/01210483.v46n120.08 |x Resolving-System |z kostenfrei |3 Volltext |7 0 |
| 856 | 4 | 0 | |u https://revistas.uexternado.edu.co/index.php/derpen/article/view/10001 |x Verlag |z kostenfrei |3 Volltext |7 0 |
| 935 | |a mkri | ||
| 951 | |a AR | ||
| ELC | |a 1 | ||
| LOK | |0 000 xxxxxcx a22 zn 4500 | ||
| LOK | |0 001 4630775420 | ||
| LOK | |0 003 DE-627 | ||
| LOK | |0 004 1910771201 | ||
| LOK | |0 005 20250520161251 | ||
| LOK | |0 008 241204||||||||||||||||ger||||||| | ||
| LOK | |0 035 |a (DE-2619)KrimDok#2024-12-03#1B7BE983FE28202B83AF035B1CBA6522B8C874CF | ||
| LOK | |0 040 |a DE-2619 |c DE-627 |d DE-2619 | ||
| LOK | |0 092 |o n | ||
| LOK | |0 852 |a DE-2619 | ||
| LOK | |0 852 1 |9 00 | ||
| LOK | |0 866 |x zotak: 4070 korrigiert | ||
| LOK | |0 935 |a zota | ||
| LOK | |0 939 |a 04-12-24 |b l01 | ||
| OAS | |a 1 | ||
| ORI | |a SA-MARC-krimdoka001.raw | ||
